000 00316nam a22001337a 4500
003 MPLRDC
005 20220104184703.0
008 210129b ||||| |||| 00| 0 eng d
082 _aDISC
100 _a李家同
245 _a幕永不落下--1 DISC
_c
650 _a散文;随笔、日记
942 _cCDA
_oDISC
999 _c62979
_d62969